2921-神戸市須磨区(兵庫県)の駅 - Statistics

General Stats
  • This quiz has been taken 14 times
  • The average score is 10 of 12
Answer Stats
Answer % Correct
須磨海浜公園
100%
須磨
100%
東須磨
90%
須磨寺
90%
山陽須磨
90%
須磨浦公園
90%
板宿
80%
妙法寺
80%
名谷
80%
総合運動公園
80%
月見山
80%
鷹取
80%
No matching quizzes found
Score Distribution
Percent of People with Each Score
Percentile by Number Answered
Your Score History
You have not taken this quiz